La justicia penal militar colombiana y los principios procesales constitucionales de independencia e imparcialidad después de la separación de la función de jurisdicción con la función de comando (Record no. 17453)

MARC details
000 -LEADER
campo de control de longitud fija 00653nam a2200145Ia 4500
008 - DATOS DE LONGITUD FIJA--INFORMACIÓN GENERAL
campo de control de longitud fija 231129s2013||||xx |||||||||||||| ||spa||
020 ## - NÚMERO INTERNACIONAL ESTÁNDAR DEL LIBRO
Número Internacional Estándar del Libro 978-958-8755-61-8
040 ## - FUENTE DE CATALOGACIÓN
Lengua de catalogación spa
082 ## - NÚMERO DE LA CLASIFICACIÓN DECIMAL DEWEY
Número de clasificación 343.015 H493j
100 ## - ENTRADA PRINCIPAL--NOMBRE DE PERSONA
Nombre de persona Henao Toro Consuelo Amparo
245 #0 - MENCIÓN DEL TÍTULO
Título La justicia penal militar colombiana y los principios procesales constitucionales de independencia e imparcialidad después de la separación de la función de jurisdicción con la función de comando
260 ## - PUBLICACIÓN, DISTRIBUCIÓN, ETC.
Fecha de publicación, distribución, etc. 2013
264 ## - PRODUCCIÓN, PUBLICACIÓN, DISTRIBUCIÓN, FABRICACIÓN Y COPYRIGHT
Producción, publicación, distribución, fabricación y copyright Universidad Libre - Seccional Pereira. Facultad de Derecho Centro de Investigaciones Socio Jurí­dicas
942 ## - ELEMENTOS DE ENTRADA SECUNDARIOS (KOHA)
Fuente del sistema de clasificación o colocación Clasificación Decimal Dewey
Tipo de ítem Koha
Holdings
Estatus retirado Estado de pérdida Fuente del sistema de clasificación o colocación Estado de daño No para préstamo Biblioteca de origen Biblioteca actual Fecha de adquisición Total de préstamos Signatura topográfica completa Código de barras Visto por última vez Copia número Precio de reemplazo Tipo de ítem Koha
    Clasificación Decimal Dewey     BIBLIOTECA PÚBLICA MUNICIPAL RAMON CORREA MEJIA BIBLIOTECA PÚBLICA MUNICIPAL RAMON CORREA MEJIA 24/07/2013   343.015 H493j 33350 29/11/2023 1 29/11/2023 Libros

Powered by Koha